Formules de maths - Mort subite - Statistiques

Statistiques générales
  • Ce quiz a été pris 1 186 fois
  • Le résultat moyen est 4 sur 6
Answers on the Grid
Answers color-coded by a green-red scale on the quiz's grid according to % correct below.
Dans un triangle rectangle, le carré de la longueur de l’hypoténuse est égal à la somme des carrés des longueurs des deux autres côtés.
Dans un triangle rectangle, le carré de l’hypoténuse est égal au produit des carrés des deux autres côtés
Formule du périmètre P d’un disque : P=2 π r
Formule du périmètre P d'un disque : P = 3 π r
Formule de l'aire A d'un disque : A= π r²
Formule de l'aire A d'un disque : A = 3/4 π r²
(a+b)² = a²+2ab+b²
(a+b)² = a²+ b²
a²−b² = (a−b)(a+b)
a²−b² = (a+b)(a+b)
sin²(x) + cos²(x) = 1
sin²(x)+tan²(x)=1
 
Statistiques - réponses
Réponse % Correct
(a+b)² = a²+2ab+b²
79%
sin²(x) + cos²(x) = 1
72%
a²−b² = (a−b)(a+b)
70%
Dans un triangle rectangle, le carré de la longueur de l’hypoténuse est égal à la somme des carrés des longueurs des deux autres côtés.
68%
Formule du périmètre P d’un disque : P=2 π r
68%
Formule de l'aire A d'un disque : A= π r²
63%
Aucun quiz correspondant
Distribution des résultats
% des personnes avec chaque résultat
Percentile par nombre de réponses
Votre historique - résultats
Vous n’avez pas pris ce quiz